000 00560nam a2200205Ia 4500
005 20250923145712.0
008 008 250917s9999 xx 000 0 eng d
037 _aTextual
040 _aDSWL
_beng
_cDSWL
041 _aeng
_2eng
084 _azGx 152, N73
_qDSWL
100 _aDube, Narender
_9838113
245 0 _aTrusteeship
_c by Narender Dube
260 _aVaranasi
_bSatva Seva Sangh Prak.
_c1973
300 _a211 p.
365 _aINR
_b4.58
925 _g4.58
942 _cTEXL
_hzGx 152, N73
999 _c1454542
_d1454542